000 00677nam a2200229 i 4500
001 8606
003 ES-MaACL
005 20230906145509.0
007 t|
008 920812s1988 sp ||||1| spa d
020 _a84-7644-034-0
080 _a86-23"19"
080 _a86(Reina,M.M.7 P.01)
100 1 _aReina, María Manuela.
_996027
245 1 3 _aEl Pasajero de la noche /
_cMaría Manuela Reina.
260 _aMadrid :
_bAntonio Machado,
_c1988.
300 _a87 p. ;
_c17 cm.
490 1 _aBiblioteca Antonio Machado de teatro ;
_v27
830 0 _aBiblioteca Antonio Machado de teatro ;
_v27
_9178191
852 _aES-MaACL
_jL-16009
_bR.115484
999 _c8606
_d8606